MARC

LEADER 00000nam0a2200000 4500
001 350847
005 20231102010338.0
035 |a (RuTPU)RU\TPU\retro\5219 
090 |a 350847 
100 |a 20190312d1932 k y0rusy50 ca 
101 1 |a rus  |c ger 
102 |a RU 
105 |a a z 001zy 
200 1 |a Фотоэлементы в науке и технике  |e пер. с нем.  |f Б. Ланге 
210 |a Москва  |a Ленинград  |c Гостехтеоретиздат  |d 1932 
215 |a 24 с.  |c ил. 
225 1 |a Успехи физики 
317 |5 63413507: КР-6217  |a Поступил в НТБ в 1987 г. в дар от вдовы ученого Е. К. Завадовской 
320 |a Библиогр.: с. 24 
606 |a Фотоэлементы  |2 stltpush  |3 (RuTPU)RU\TPU\subj\64327  |9 81233 
610 1 |a наука 
610 1 |a техника 
610 1 |a фотометрические измерения 
610 1 |a применение 
610 1 |a библиотека А. А. Воробьева 
610 1 |a дары библиотеке 
610 1 |a дары 
675 |a 621.383.4  |v 4 
700 1 |a Ланге  |b Б. 
801 1 |a RU  |b 63413507  |c 20190312 
801 2 |a RU  |b 63413507  |c 20190516  |g RCR 
942 |c BK